| 000 | 00963nam a22002897a 4500 | ||
|---|---|---|---|
| 001 | BR8602188 | ||
| 003 | BR-BrBNA | ||
| 005 | 20230928092253.0 | ||
| 007 | ta | ||
| 008 | 230509b bl.||||| |||| 00| 0 por d | ||
| 040 |
_aBR-BrBNA _bpor _cBiblioteca Nacional de Agricultura |
||
| 041 | _a(Por) | ||
| 072 |
_aK10; F01 _b2480 _b2120 _b0600 |
||
| 090 | _ 2480 BR8602188 | ||
| 110 | 1 |
_aInstituto Estadual de Florestas, Belo Horizonte, MG (Brasil). Diretoria de Desenvolvimento Florestal _96337 |
|
| 245 | 1 | _aPlano operativo MG 2 [reflorestamento, seringueira, cafe, fruticultura] | |
| 260 | 3 |
_aBelo Horizonte, MG (Brasil): _c1986. |
|
| 300 | _avp. | ||
| 500 | _a(*) Documento disponível no(a) Instituto Estadual de Florestas, Belo Horizonte, MG (Brazil) | ||
| 650 | _aREFLORESTAMENTO | ||
| 650 | _aPROPRIEDADE RURAL | ||
| 650 | _aSERINGUEIRA | ||
| 650 | _aFRUTICULTURA | ||
| 650 | _aCAFEICULTURA | ||
| 909 |
_a202309 _bLucia _c55 _dLucia Elande |
||
| 942 | _cBK | ||
| 999 |
_c38027 _d38027 |
||